000 00714nam a2200229 a 4500
003 OSt
005 20240223123310.0
008 180219t2016 pk | |||| 000 d urd d
020 _a9789693512052
040 _c0
082 _a891.4392
_bISH 2016
100 1 _aاشفاق احمد
_948655
245 1 0 _aجنگ بجنگ:
_bتلقين شاہ
_cIshfaq Ahmad
246 _aJang Bajang:
_bTalqeen Shah
260 _aLahor:
_bSang e Meel Pub;
_c2016.
300 _a302 p.
650 _aUrdu literature
_99650
650 _aRadio Drama
_9121249
650 _aTalqeen Shah
_9121250
942 _2ddc
_cBK
_aSADA
_k891.4392 ISH 2016
999 _c608098
_d608098